| 000 | 00574nam a2200157 a 4500 | ||
|---|---|---|---|
| 008 | 120416s1993 ||||||||||||||||| || u | ||
| 020 | _a0821323822 | ||
| 050 | _aIBRD(02) | ||
| 100 | _aWigg, David, (1939-) | ||
| 245 | 1 | 4 | _aAnd they forgot to tell us why... |
| 246 | _aa look at the campaign against river blindness in West Africa | ||
| 260 |
_aWashington, D. C. _bWorld Bank _c1993 |
||
| 300 | _aiv, 44p. : ill. | ||
| 350 | _a0.00 | ||
| 995 |
_D0.00 _FCBU-MAIN LIBRARY (Kitwe) _H1 _I0.00 _UAVAILABLE _ZInternational Publications |
||
| 999 |
_c59833 _d59833 |
||